Sobre la evolución del contenido de importaciones intermedias en la demanda final y las exportaciones argentinas: un ejercicio de insumo-producto (Registro nro. 16309)

Detalles MARC
000 -LEADER
fixed length control field 00476 a2200121 4500
001 - CONTROL NUMBER
control field ART_3307
005 - DATE AND TIME OF LATEST TRANSACTION
control field 20260410161713.0
008 - FIXED-LENGTH DATA ELEMENTS--GENERAL INFORMATION
fixed length control field 260409a
100 1# - MAIN ENTRY--PERSONAL NAME
Personal name Kosacoff, Bernardo
245 10 - TITLE STATEMENT
Title Sobre la evolución del contenido de importaciones intermedias en la demanda final y las exportaciones argentinas: un ejercicio de insumo-producto
700 1# - ADDED ENTRY--PERSONAL NAME
Personal name Sourrouille, Juan V.
773 0# - HOST ITEM ENTRY
Title Desarrollo económico
Related parts - Vol. 18, Nº 72 (ene./mar. 1979)
Record control number REV1174

No hay ítems disponibles.